| 000 | 00382nam a2200157 a 4500 | ||
|---|---|---|---|
| 001 | 13018 | ||
| 005 | 20180713201341.0 | ||
| 008 | 140415s1990 mx 000 0 spa d | ||
| 041 | _aspa | ||
| 082 |
_a238 _bDOC |
||
| 245 | 0 | 0 | _aDOCTRINA CRISTIANA CURSO SUPERIOR |
| 250 | _a14ed. | ||
| 260 |
_aMEXICO : _bPROGRESO, _c1990 |
||
| 300 | _a320 | ||
| 650 | 1 | 4 | _aCATECISMOS |
| 999 |
_c13018 _d13018 |
||